00961nam a2200241 a 450000100100000000500170001000800410002702000150006804000250008308200130010810000270012124501830014826000300033130000210036149000280038250000450041070000410045570000480049683000350054404900090057995201140058899900170070200002488920200930023430.0110207s1974 sp r 000 0 spa d a8433402013 aDO-SdBNPbspacBNPHU ann*bnn*1 aProudhon, P. J.95108610aSistema de las contradicciones económicas, o filosofía de la miseria /cP. J. Proudhon ; traducción de Francisco Pi y Margall ; introducción de Diego Abad de Santillán. aMadrid :bJúcar,c1974. a360 p. ;c18 cm.1 aBiblioteca Júcar.v31 aLa biblioteca sólo posee el volumen 2.1 aPi y Margall, Francisco,etr.9510871 aAbad de Santillán, Diego,eintrod.951088 0aBiblioteca Júcar.v31951089 aBNGR 001054708MOaGRbGRcCTd2011-02-07iLF1l0ov. 2p24889-10r2020-06-25w2020-06-25y4ZPréstamo en sala c24382d24382